| 000 | 01213nam a22002537a 4500 | ||
|---|---|---|---|
| 003 | BJBSDDR | ||
| 005 | 20260409134846.0 | ||
| 007 | ta | ||
| 008 | 260409s sp ||||| |||| 00| 0 spa d | ||
| 020 | _a9788474769043 | ||
| 020 | _a8474769043 | ||
| 040 |
_bspa _cBJBSDDR |
||
| 041 | _aspa | ||
| 050 | _bAl318 2023 | ||
| 100 | 1 |
_aAlaminos, Antonio _947861 |
|
| 245 | 1 | 0 |
_aModelo Bifactorial Inercia-Incertidumbre Alaminos-Tezanos : _baplicación al diagnóstico preelectoral y evaluación el impacto de campaña : el caso de las elecciones autonómicas de mayo de 2023 / _c2023 |
| 250 | _a1ª edición | ||
| 260 |
_aMadrid : _bCIS, Centro de Investigaciones Sociológicas, _c2023 |
||
| 300 |
_a334 paginas : _bilustraciones ; _c24 cm |
||
| 520 | _aEste texto presenta la aplicación del Modelo de Medición Bifactorial Inercia-Incertidumbre Alaminos-Tezanos, diseñado por el CIS en 2019, a la medición y diagnóstico de los apoyos electorales en las elecciones autonómicas de España de mayo de 2023, incorporando una propuesta para la evaluación de los efectos de las campañas electorales. | ||
| 700 | 1 |
_aAlaminos Fernández, Antonio Francisco _947863 |
|
| 942 |
_2lcc _n0 _cBK |
||
| 946 | _icmc | ||
| 999 |
_c126758 _d126758 |
||